[Event "European Rapid 2017"]
[Site "Katowice POL"]
[Date "2017.12.16"]
[Round "4.45"]
[White "Castellanos Rodriguez, Renier"]
[Black "Kolesnikovs, Ivans"]
[Result "1-0"]
[WhiteTitle "IM"]
[WhiteElo "2501"]
[BlackElo "1996"]
[WhiteFideId "3404650"]
[BlackFideId "11602244"]
[EventDate "2017.12.16"]

1. d4 d5 2. Nf3 e6 3. c4 c6 4. e3 f5 5. Bd3 Nf6 6. O-O Bd6 7. b3 Qe7 8. Bb2 O-O
9. Qc1 Bd7 10. Ba3 Ne4 11. Bxd6 Qxd6 12. Qa3 Qxa3 13. Nxa3 Be8 14. Rfc1 Nd7 15.
b4 a6 16. Nc2 Bh5 17. Ne5 Rad8 18. c5 Nxe5 19. dxe5 f4 20. Nd4 Rde8 21. f3 Nd2
22. Kf2 g5 23. exf4 Rxf4 24. Ke3 Nc4+ 25. Bxc4 dxc4 26. g3 Rf7 27. Rxc4 Kf8 28.
h4 gxh4 29. g4 Bg6 30. Rh1 h5 31. gxh5 Bxh5 32. Rxh4 Rh7 33. Ne2 Bg6 34. Nf4 Bf5
35. Rxh7 Bxh7 36. Nh5 Bf5 37. Nf6 Rd8 38. Rd4 Rxd4 39. Kxd4 Ke7 40. a3 Bc2 41.
Ke3 Bf5 42. Kf4 Bc2 43. Kg5 Bf5 44. Nh5 Bc2 45. Ng3 Kf7 46. Ne2 Bd1 47. Nd4 Ba4
48. f4 Bd1 49. f5 exf5 50. Kxf5 Bh5 51. e6+ Ke7 52. Ke5 Kd8 53. Kd6 Be8 54. Nf5
Bg6 55. e7+ Kc8 56. Ng7 1-0

[Event "European Rapid 2017"]
[Site "Katowice POL"]
[Date "2017.12.16"]
[Round "4.46"]
[White "Janaszak, Dawid"]
[Black "Arnaudov, G. Petar"]
[Result "1-0"]
[WhiteTitle "FM"]
[BlackTitle "GM"]
[WhiteElo "2372"]
[BlackElo "2439"]
[WhiteFideId "1119206"]
[BlackFideId "2907127"]
[EventDate "2017.12.16"]

1. e4 g6 2. d4 Bg7 3. Nc3 c6 4. f4 d5 5. e5 Nh6 6. Be2 f6 7. Nf3 Bg4 8. Be3 O-O
9. Qd2 e6 10. O-O-O Nf5 11. Bf2 Bxf3 12. Bxf3 fxe5 13. dxe5 Nd7 14. Kb1 b5 15.
h4 Nb6 16. h5 g5 17. h6 Nxh6 18. fxg5 Nc4 19. Qc1 Nf7 20. Rh5 Nfxe5 21. Bd4 Rf7
22. Be4 Ng6 23. Rxh7 Bxd4 24. Bxg6 Be3 25. Rdh1 Bxc1 26. Bxf7+ Kf8 27. Bxe6 Ne5
28. Rxc1 Qxg5 29. Rh8+ Ke7 30. Rxa8 Kxe6 31. Rxa7 Nc4 32. Re1+ Kd6 33. a3 Qxg2
34. Rae7 Nd2+ 35. Kc1 Ne4 36. R7xe4 dxe4 37. Nxe4+ Kc7 38. Nc3 Kb6 39. b4 Qg3
40. Kd2 Qd6+ 41. Kc1 Qg3 42. Kd2 Qf2+ 43. Ne2 Qf3 44. c3 Qg2 45. Kd3 Qh3+ 46.
Kd2 Qg2 47. Kd3 c5 48. bxc5+ Kxc5 49. Nd4 Qh3+ 50. Re3 Qf1+ 51. Re2 Qd1+ 52. Rd2
Qa4 53. Rb2 Qd1+ 54. Rd2 Qb1+ 55. Rc2 Qa1 56. Nb3+ 1-0

[Event "European Rapid 2017"]
[Site "Katowice POL"]
[Date "2017.12.16"]
[Round "4.47"]
[White "Wlodarczyk, Oskar"]
[Black "Klekowski, Maciej"]
[Result "0-1"]
[WhiteTitle "FM"]
[BlackTitle "IM"]
[WhiteElo "2280"]
[BlackElo "2498"]
[WhiteFideId "1112090"]
[BlackFideId "1132717"]
[EventDate "2017.12.16"]

1. e4 c5 2. c3 Nf6 3. e5 Nd5 4. d4 cxd4 5. cxd4 Nc6 6. Nc3 e6 7. Nf3 d6 8. exd6
Bxd6 9. Bd3 Nf4 10. Bxf4 Bxf4 11. O-O O-O 12. Qe2 g6 13. Rad1 Nxd4 14. Nxd4 Qxd4
15. g3 Bg5 16. Bxg6 Qg7 17. Be4 f5 18. Bg2 Bf6 19. Rd3 Rb8 20. Rfd1 b5 21. Qe3
b4 22. Na4 e5 23. Nc5 e4 24. Rd5 Bg5 25. Qb3 Kh8 26. Nd7 Bxd7 27. Rxd7 Qe5 28.
R1d5 Qe6 29. Qd1 Rbc8 30. Qd4+ Bf6 31. Qd2 e3 32. fxe3 Rfe8 33. e4 fxe4 34. Rh5
Re7 35. Rd8+ Rxd8 36. Qxd8+ Kg7 37. Bh3 Qxa2 38. Bf5 h6 39. Rxh6 Qb1+ 40. Kg2
Qxb2+ 41. Kh3 Kxh6 42. Qf8+ Kg5 43. Bc8 Rh7+ 0-1

[Event "European Rapid 2017"]
[Site "Katowice POL"]
[Date "2017.12.16"]
[Round "4.48"]
[White "Darmarakis, Mihail"]
[Black "Zwardon, Vojtech"]
[Result "0-1"]
[BlackTitle "IM"]
[WhiteElo "2213"]
[BlackElo "2408"]
[WhiteFideId "4203720"]
[BlackFideId "325511"]
[EventDate "2017.12.16"]

1. e4 c5 2. Nf3 Nc6 3. d4 cxd4 4. Nxd4 g6 5. c4 Bg7 6. Be3 Qb6 7. Nb3 Qc7 8. Qd2
Nf6 9. Nc3 a5 10. Nd4 Nxd4 11. Bxd4 O-O 12. Be2 a4 13. O-O Qa5 14. Rfd1 d6 15.
Bxf6 Bxf6 16. Nd5 Kg7 17. Nxf6 Qxd2 18. Nh5+ gxh5 19. Rxd2 Be6 20. Rc1 Ra5 21.
Rc3 h4 22. h3 Rc8 23. f4 f5 24. exf5 Bxf5 25. Kf2 Kf6 26. Rd4 Be6 27. Bd3 Rac5
28. Ke3 Rg8 29. Be4 b6 30. Kf2 h6 31. Bc2 Bd7 32. Be4 Rgc8 33. Bd5 Bf5 34. Rd2
Bb1 35. Re3 Bf5 36. Rde2 R8c7 37. b3 axb3 38. axb3 b5 39. Be6 bxc4 40. bxc4 Bg6
41. Bd5 Bf7 42. Bxf7 Kxf7 43. Re6 Rxc4 44. Kf3 h5 45. Rh6 Rc3+ 46. Kf2 R3c5 47.
Rh7+ Kf6 48. Rh6+ Kg7 49. Rhe6 Kf7 50. Rh6 Rf5 51. Kf3 Rc3+ 52. Re3 Rxe3+ 53.
Kxe3 Ra5 54. Rh7+ Kf6 55. Rh6+ Kg7 56. Re6 Kf7 57. Rh6 Ra3+ 58. Kf2 Ra4 59. Kf3
Ra5 60. Rh7+ Kf6 61. Rh6+ Kg7 62. Re6 Kf7 63. Rh6 Rf5 64. Ke4 e6 65. Ke3 Ra5 66.
Rh7+ Kg6 67. Re7 Kf6 68. Rh7 d5 69. Rh6+ Kf7 70. Kf3 Ra3+ 71. Kf2 d4 72. Rxh5
Kg6 73. Re5 Kf6 74. Rh5 Ra2+ 75. Kf3 d3 76. Rh6+ Kf5 77. Rh5+ Kg6 78. Re5 Kf6
79. Re3 Ra3 80. f5 d2 0-1

[Event "European Rapid 2017"]
[Site "Katowice POL"]
[Date "2017.12.16"]
[Round "4.49"]
[White "Vavulin, Maksim"]
[Black "Wilk, Krzysztof"]
[Result "1-0"]
[WhiteTitle "IM"]
[WhiteElo "2575"]
[BlackElo "2125"]
[WhiteFideId "4169530"]
[BlackFideId "1116193"]
[EventDate "2017.12.16"]

1. e4 c6 2. d4 d5 3. Nd2 dxe4 4. Nxe4 Bf5 5. Ng3 Bg6 6. Bc4 e6 7. N1e2 Bd6 8.
Nf4 Qc7 9. Ngh5 Bxf4 10. Nxf4 Nf6 11. c3 Nd5 12. Qf3 Nd7 13. Qg3 N7f6 14. Nxg6
hxg6 15. Qxc7 Nxc7 16. Be2 Ncd5 17. Bf3 O-O 18. Bd2 Rfe8 19. O-O-O e5 20. dxe5
Rxe5 21. c4 Nb6 22. b3 Rd8 23. Be3 Ree8 24. a4 Nc8 25. a5 a6 26. Kc2 Ne7 27. Bb6
Rxd1 28. Rxd1 Nf5 29. g3 g5 30. h3 Re7 31. b4 Rd7 32. b5 Rxd1 33. Kxd1 Nd6 34.
bxa6 bxa6 35. c5 Nde4 36. Ke1 Kf8 37. Be2 Nd7 38. Bxa6 Nexc5 39. Bxc5+ Nxc5 40.
Bb7 Nxb7 41. a6 Nd8 42. a7 Ke7 43. a8=Q g6 44. Qa7+ Kf6 45. Qd7 Ne6 46. Qxc6 Ke7
47. Kd2 Kf6 48. Ke3 Kg7 49. Ke4 Nf8 50. Ke5 Ne6 51. Kd6 Nd8 52. Qc3+ 1-0

[Event "European Rapid 2017"]
[Site "Katowice POL"]
[Date "2017.12.16"]
[Round "4.50"]
[White "Smolka, Marcin"]
[Black "Brodowski, Piotr"]
[Result "1-0"]
[BlackTitle "IM"]
[WhiteElo "2178"]
[BlackElo "2430"]
[WhiteFideId "1139681"]
[BlackFideId "1124480"]
[EventDate "2017.12.16"]

1. e4 c5 2. c4 Nc6 3. Ne2 g6 4. d4 cxd4 5. Nxd4 Bg7 6. Be3 Nf6 7. Nc3 d6 8. Be2
O-O 9. O-O Bd7 10. f3 Nxd4 11. Bxd4 Bc6 12. Qd2 a5 13. Rfd1 Nd7 14. Be3 a4 15.
b4 axb3 16. axb3 Nc5 17. Rxa8 Qxa8 18. b4 Ne6 19. b5 Bd7 20. Nd5 Re8 21. f4 Qa3
22. Qb4 Qxb4 23. Nxb4 Nc5 24. e5 Bf5 25. g4 Bc8 26. Bxc5 dxc5 27. Nd5 g5 28.
Nxe7+ Rxe7 29. Rd8+ Bf8 30. Rxc8 gxf4 31. Rxc5 f6 32. Bf3 fxe5 33. Be4 b6 34.
Rc8 Kg7 35. c5 Re6 36. Rc7+ Kf6 37. c6 h6 38. Rd7 Bc5+ 39. Kg2 Re7 40. c7 Rxd7
41. c8=Q Rd2+ 42. Kf1 Rd6 43. Qf5+ Ke7 44. Qxe5+ Kd8 45. Bc6 Rd2 46. Qf6+ Kc8
47. Qf5+ Kd8 48. Qxf4 Rd6 49. Qf8+ 1-0

[Event "European Rapid 2017"]
[Site "Katowice POL"]
[Date "2017.12.16"]
[Round "4.51"]
[White "Shkapenko, Pavel"]
[Black "Cieslar, Michal"]
[Result "1-0"]
[WhiteTitle "IM"]
[WhiteElo "2431"]
[BlackElo "2032"]
[WhiteFideId "4151933"]
[BlackFideId "1141066"]
[EventDate "2017.12.16"]

1. e4 d6 2. d4 g6 3. Nc3 Bg7 4. h3 Nd7 5. Be3 e5 6. Nge2 Ne7 7. Qd2 O-O 8. g4 f5
9. gxf5 gxf5 10. Bg5 c6 11. Rg1 Kh8 12. O-O-O Qe8 13. dxe5 dxe5 14. Ng3 f4 15.
Bxe7 fxg3 16. Bxf8 Qxf8 17. Kb1 Bh6 18. Qe2 Nf6 19. fxg3 Be6 20. Bg2 Qe7 21.
Rgf1 Rg8 22. g4 b5 23. Qf2 Ne8 24. Ne2 Qb4 25. Nc1 Bg7 26. Qxa7 Qc4 27. Rd8 Nf6
28. Rxg8+ Bxg8 29. Qe3 Ne8 30. Rd1 Nc7 31. Qd3 Qa4 32. g5 Ne6 33. h4 Nf4 34. Qd2
c5 35. Bf3 b4 36. h5 c4 37. h6 Bf8 38. Qd8 Ne6 39. Qf6+ 1-0

[Event "European Rapid 2017"]
[Site "Katowice POL"]
[Date "2017.12.16"]
[Round "4.52"]
[White "Herman, Jean"]
[Black "Valsecchi, Alessio"]
[Result "0-1"]
[BlackTitle "IM"]
[WhiteElo "2255"]
[BlackElo "2501"]
[WhiteFideId "263036"]
[BlackFideId "818860"]
[EventDate "2017.12.16"]

1. d4 Nf6 2. Nf3 e6 3. c4 d5 4. Nc3 Bb4 5. Qa4+ Nc6 6. Bf4 O-O 7. e3 Bd7 8. Qb3
dxc4 9. Bxc4 Qe7 10. Bd3 Nd5 11. Bg5 f6 12. Bh4 g5 13. Bg3 Na5 14. Qc2 c5 15.
O-O g4 16. Nxd5 exd5 17. a3 c4 18. axb4 cxd3 19. Qxd3 Qxb4 20. Nd2 Bb5 21. Bd6
Qxb2 22. Qf5 Bxf1 23. Qxg4+ Kh8 24. Bxf8 Rxf8 25. Rxa5 Qxd2 26. Ra1 Bxg2 27. Qe6
Bf3 0-1

[Event "European Rapid 2017"]
[Site "Katowice POL"]
[Date "2017.12.16"]
[Round "4.53"]
[White "Kot, Jerzy"]
[Black "Feuerstack, Aljoscha"]
[Result "0-1"]
[WhiteTitle "FM"]
[BlackTitle "IM"]
[WhiteElo "2072"]
[BlackElo "2438"]
[WhiteFideId "1101595"]
[BlackFideId "4681932"]
[EventDate "2017.12.16"]

1. g3 d5 2. Bg2 c6 3. Nf3 Bf5 4. O-O e6 5. d3 h6 6. c4 Nf6 7. Nbd2 Bc5 8. a3 a5
9. b3 O-O 10. Bb2 Nbd7 11. Qc2 Qe7 12. Qc3 e5 13. e3 b5 14. d4 b4 15. axb4 Bxb4
16. Qc1 e4 17. Ne5 Nxe5 18. dxe5 Ng4 19. f3 Nxe3 20. fxe4 Nxf1 21. exf5 Nxd2 22.
cxd5 Nxb3 23. Qd1 Nxa1 24. d6 Bxd6 25. exd6 Qe3+ 26. Kh1 Rfe8 0-1

[Event "European Rapid 2017"]
[Site "Katowice POL"]
[Date "2017.12.16"]
[Round "4.54"]
[White "Zorko, Jure"]
[Black "Rigopoulos-Tsigkos, Alexandros"]
[Result "1-0"]
[WhiteTitle "IM"]
[WhiteElo "2457"]
[BlackElo "2117"]
[WhiteFideId "14604051"]
[BlackFideId "4215109"]
[EventDate "2017.12.16"]

1. d4 d5 2. Nf3 Nf6 3. Bf4 c5 4. e3 Nc6 5. Nbd2 a6 6. c3 b6 7. Ne5 Bb7 8. Nxc6
Bxc6 9. Nf3 e6 10. Ne5 Bb7 11. Bd3 Be7 12. Qf3 O-O 13. Qh3 g6 14. Bh6 Re8 15.
Qf3 Bf8 16. Bg5 Be7 17. h4 h5 18. Rh3 Kg7 19. Rg3 Rh8 20. Bxg6 fxg6 21. Bxf6+
Bxf6 22. Rxg6+ 1-0

[Event "European Rapid 2017"]
[Site "Katowice POL"]
[Date "2017.12.16"]
[Round "4.55"]
[White "Dobrowolski, Piotr"]
[Black "Bugalski, Michal"]
[Result "1-0"]
[WhiteTitle "IM"]
[WhiteElo "2421"]
[BlackElo "2263"]
[WhiteFideId "1106236"]
[BlackFideId "1122134"]
[EventDate "2017.12.16"]

1. d4 Nf6 2. c4 b6 3. Nc3 Bb7 4. f3 d5 5. cxd5 Nxd5 6. Nxd5 Qxd5 7. e4 Qd6 8.
Bb5+ Nd7 9. Ne2 e5 10. O-O O-O-O 11. Be3 Kb8 12. Qc2 c6 13. Bc4 exd4 14. Nxd4
Ne5 15. Rad1 Qc7 16. Be2 Ng6 17. Nxc6+ Bxc6 18. Rxd8+ Qxd8 19. Qxc6 Ne5 20. Qb5
Bd6 21. f4 Ng6 22. e5 Bc7 23. Bf3 Nh4 24. Be4 f5 25. Bd5 Qe8 26. Bc6 Qe6 27. g3
a6 28. Qa4 Ng6 29. Rc1 Ne7 30. Bg2 b5 31. Qa3 Bb6 32. Bxb6 Qxb6+ 33. Kh1 Rc8 34.
Rd1 Nc6 35. Qd6+ Ka7 36. Rc1 Rd8 37. Qxc6 Qxc6 38. Bxc6 1-0

[Event "European Rapid 2017"]
[Site "Katowice POL"]
[Date "2017.12.16"]
[Round "4.56"]
[White "Slomczewski, Michal"]
[Black "Kreisl, Robert"]
[Result "0-1"]
[BlackTitle "IM"]
[WhiteElo "1952"]
[BlackElo "2440"]
[WhiteFideId "1040650"]
[BlackFideId "1613880"]
[EventDate "2017.12.16"]

1. Nf3 g6 2. e4 Bg7 3. d4 d6 4. Nc3 Nf6 5. Bd3 O-O 6. O-O a6 7. Bg5 Nc6 8. Qd2
Bg4 9. Be2 Nd7 10. Nd5 Bxf3 11. Bxf3 h6 12. Bxh6 Nxd4 13. Bg4 Bxh6 14. Qxh6 e6
15. Ne3 Qf6 16. c3 Nc6 17. f4 Qg7 18. Qh3 Nf6 19. f5 exf5 20. exf5 g5 21. Bf3
Ne5 22. Qg3 c6 23. Rad1 Rad8 24. Rd4 Rfe8 25. Rfd1 d5 26. R4d2 g4 27. Be2 Ne4
28. Qf4 Nxd2 29. Rxd2 f6 30. Bxg4 Qg5 31. Qxg5+ fxg5 32. Bh5 Rf8 33. Rf2 Kg7 34.
Be2 c5 35. g4 d4 36. cxd4 cxd4 37. Nc4 Nxc4 38. Bxc4 Kf6 39. Kg2 Rfe8 40. Be6 d3
41. Rd2 Rd4 42. h3 Rh8 43. Bb3 Ke5 44. Rf2 Rf4 45. Rd2 Ke4 46. Bc4 Rd8 47. Rd1
Ke5 0-1

[Event "European Rapid 2017"]
[Site "Katowice POL"]
[Date "2017.12.16"]
[Round "4.57"]
[White "Kourousis, Epaminondas"]
[Black "Lindam, Ingo"]
[Result "1-0"]
[WhiteTitle "IM"]
[WhiteElo "2393"]
[BlackElo "2112"]
[WhiteFideId "4211626"]
[BlackFideId "24699756"]
[EventDate "2017.12.16"]

1. d4 Nf6 2. c4 g6 3. Nc3 Bg7 4. e4 d6 5. h3 O-O 6. Nf3 e5 7. d5 Na6 8. Be3 Nc5
9. Nd2 a5 10. Be2 Bd7 11. g4 h6 12. Qc2 Nh7 13. O-O-O c6 14. h4 cxd5 15. Nxd5
Rc8 16. Kb1 b5 17. cxb5 Ne6 18. Qb3 Nd4 19. Bxd4 exd4 20. f4 Be6 21. g5 h5 22.
Bd3 Re8 23. Rhf1 a4 24. Qxa4 Bxd5 25. exd5 Re3 26. Nc4 Rh3 27. f5 Rxh4 28. fxg6
Nxg5 29. gxf7+ Nxf7 30. Bf5 Ra8 31. Qc2 Ne5 32. Nxe5 dxe5 33. Be6+ Kh8 34. Qg6
Ra7 35. Rc1 Rc7 36. Rxc7 Qxc7 37. Qe8+ Kh7 38. Bf5+ 1-0

[Event "European Rapid 2017"]
[Site "Katowice POL"]
[Date "2017.12.16"]
[Round "4.58"]
[White "Georgiev, Kiril"]
[Black "Golenia, Jan"]
[Result "1-0"]
[WhiteTitle "GM"]
[WhiteElo "2623"]
[BlackElo "1986"]
[WhiteFideId "2900017"]
[BlackFideId "21800227"]
[EventDate "2017.12.16"]

1. c4 c5 2. Nf3 Nc6 3. Nc3 Nf6 4. d4 cxd4 5. Nxd4 e6 6. Ndb5 d6 7. Bf4 e5 8. Bg5
a6 9. Bxf6 gxf6 10. Na3 Be6 11. g3 Rc8 12. Bg2 Be7 13. O-O h5 14. Nd5 h4 15. e3
hxg3 16. fxg3 f5 17. Qe2 Bg5 18. Rad1 Qa5 19. Qe1 Qc5 20. b4 Nxb4 21. Nxb4 Bxe3+
22. Kh1 Bg5 23. Nac2 f4 24. Nd5 Qxc4 25. gxf4 Bh4 26. Nce3 Qxa2 27. Qb4 Bg3 28.
Qxd6 Bxd5 29. Qxe5+ Be6 30. Qxh8+ Ke7 31. Qe5 1-0

[Event "European Rapid 2017"]
[Site "Katowice POL"]
[Date "2017.12.16"]
[Round "4.59"]
[White "Gbyl, Andrzej"]
[Black "Ponkratov, Pavel"]
[Result "0-1"]
[BlackTitle "GM"]
[WhiteElo "2243"]
[BlackElo "2613"]
[WhiteFideId "1117440"]
[BlackFideId "4157800"]
[EventDate "2017.12.16"]

1. d4 Nf6 2. c4 e6 3. Nf3 c5 4. d5 exd5 5. cxd5 d6 6. Nc3 g6 7. e4 Bg7 8. Bf4
O-O 9. Nd2 Nh5 10. Be3 Nd7 11. Be2 Nhf6 12. Nc4 Nb6 13. O-O Nxc4 14. Bxc4 a6 15.
a4 Ng4 16. Bf4 f5 17. exf5 Bxf5 18. Bg3 h5 19. h3 h4 20. hxg4 hxg3 21. fxg3 Bd4+
22. Kh2 Qf6 0-1

[Event "European Rapid 2017"]
[Site "Katowice POL"]
[Date "2017.12.16"]
[Round "4.60"]
[White "Gazik, Viktor"]
[Black "Miton, Kamil"]
[Result "1-0"]
[WhiteTitle "IM"]
[BlackTitle "GM"]
[WhiteElo "2479"]
[BlackElo "2584"]
[WhiteFideId "14928752"]
[BlackFideId "1111914"]
[EventDate "2017.12.16"]

1. c4 c6 2. Nf3 Nf6 3. d4 d5 4. Nc3 e6 5. Bf4 dxc4 6. a4 Bb4 7. Qc2 b5 8. e4 Bb7
9. Be2 Nbd7 10. O-O a6 11. Rfd1 O-O 12. e5 Nd5 13. Ng5 g6 14. Nxd5 cxd5 15. h4
Be7 16. Bg4 b4 17. g3 Rc8 18. Nh3 Qb6 19. a5 Qc6 20. Bh6 Rfd8 21. Nf4 b3 22. Qe2
Bf8 23. Bxf8 Nxf8 24. Rdc1 Qc7 25. Rc3 Bc6 26. Nh3 Qe7 27. Rf3 Bb5 28. Qd2 Nd7
29. Ng5 Rf8 30. Rxf7 Rxf7 31. Bxe6 Rf8 32. Bxd5 Kg7 33. Bxf7 Rxf7 34. e6 Rf6 35.
exd7 Qxd7 36. d5 h6 37. Ne4 Rf5 38. Qd4+ Kf7 39. Re1 Bc6 40. Nc3 Bb7 41. d6 Rxa5
42. Re7+ Qxe7 43. dxe7 Ra1+ 44. Nd1 c3 45. Qc4+ Kxe7 46. Qxb3 Bf3 47. g4 Rxd1+
48. Kh2 Bxg4 49. Qb4+ Kf7 50. Qxg4 Rd2 51. Qf4+ 1-0

[Event "European Rapid 2017"]
[Site "Katowice POL"]
[Date "2017.12.16"]
[Round "4.61"]
[White "Demidov, Mikhail"]
[Black "Lach, Aleksandra"]
[Result "1-0"]
[WhiteTitle "IM"]
[BlackTitle "WIM"]
[WhiteElo "2523"]
[BlackElo "2209"]
[WhiteFideId "4197143"]
[BlackFideId "1134299"]
[EventDate "2017.12.16"]

1. Nf3 c5 2. g3 Nc6 3. Bg2 g6 4. O-O Bg7 5. c4 Nf6 6. Nc3 O-O 7. d4 cxd4 8. Nxd4
a6 9. c5 e5 10. Nb3 Rb8 11. Na4 Ne8 12. Be3 f5 13. Nb6 e4 14. Qd2 Qf6 15. Bf4
Ne5 16. Rad1 Nc7 17. Qd6 Qxd6 18. cxd6 Na8 19. Nd5 Nc4 20. Ne7+ Kh8 21. f3 e3
22. h4 Be5 23. Bxe5+ Nxe5 24. f4 Nc4 25. Rd4 b5 26. Nc5 Nab6 27. b3 Na5 28. Rf3
Bb7 29. Rxe3 Bxg2 30. Kxg2 Kg7 31. Nxa6 Rbe8 32. Nc7 Rd8 33. Nxb5 Nc6 34. Nxc6
dxc6 35. Nc7 Kh6 36. Ne6 Rfe8 37. Nxd8 Rxe3 38. Kf2 Re8 39. Nf7+ 1-0

[Event "European Rapid 2017"]
[Site "Katowice POL"]
[Date "2017.12.16"]
[Round "4.62"]
[White "Tokranovs, Dmitrijs"]
[Black "Gajewski, Grzegorz"]
[Result "0-1"]
[WhiteTitle "FM"]
[BlackTitle "GM"]
[WhiteElo "2348"]
[BlackElo "2601"]
[WhiteFideId "11603011"]
[BlackFideId "1116207"]
[EventDate "2017.12.16"]

1. Nf3 d5 2. g3 c6 3. Bg2 Bg4 4. Ne5 Bh5 5. d4 Nd7 6. O-O Nxe5 7. dxe5 e6 8. Qd3
Bg6 9. e4 dxe4 10. Qb3 Qc7 11. Nc3 O-O-O 12. Be3 Kb8 13. Nxe4 Bxe4 14. Bxe4 Ne7
15. c4 Nc8 16. Rfd1 Be7 17. Rxd8 Rxd8 18. Rd1 Rh8 19. Qc3 Nb6 20. Qa5 Rd8 21.
Rxd8+ Qxd8 22. b3 g6 23. Kg2 h5 24. h4 Nc8 25. Qc3 Qf8 26. Qd4 Bd8 27. c5 Ne7
28. Qd7 Bc7 29. Bg5 Nc8 30. Bf6 a5 31. a3 Qxc5 32. Qxf7 Bb6 33. Bg7 Ne7 34. Bf8
Qxe5 35. Bxg6 Qd5+ 36. Kg1 Nxg6 37. Qxg6 Qxb3 38. Qxh5 Qxg3+ 39. Kh1 Bxf2 0-1

[Event "European Rapid 2017"]
[Site "Katowice POL"]
[Date "2017.12.16"]
[Round "4.63"]
[White "Karlik, Ondrej"]
[Black "Saric, Ante"]
[Result "0-1"]
[BlackTitle "GM"]
[WhiteElo "2171"]
[BlackElo "2540"]
[WhiteFideId "339296"]
[BlackFideId "14506254"]
[EventDate "2017.12.16"]

1. e4 e6 2. Nc3 d5 3. g3 dxe4 4. Nxe4 Bd7 5. Bg2 Bc6 6. f3 Nf6 7. Ne2 Nbd7 8. d3
Be7 9. Be3 O-O 10. O-O e5 11. Qd2 Nd5 12. Bf2 f5 13. N4c3 Nxc3 14. Nxc3 Bg5 15.
Qe2 Qf6 16. Rae1 Rae8 17. Be3 a6 18. Qf2 Bxe3 19. Qxe3 b6 20. f4 Bxg2 21. Kxg2
Qd6 22. Qf3 exf4 23. Rxe8 Rxe8 24. Qxf4 Qxf4 25. Rxf4 g6 26. Rf2 Nf6 27. h3 Kg7
28. a3 Rd8 29. Re2 Kf7 30. Kf3 h5 31. h4 Ng4 32. Na2 Kf6 33. Nb4 a5 34. Na2 Ne5+
35. Kf2 c5 36. Nc3 c4 37. dxc4 Nxc4 38. Na4 Rd6 39. Kg2 Kf7 40. Kf2 Rc6 41. Kf3
b5 42. Nc3 Nxa3 43. Kf4 Nxc2 44. Rxc2 b4 45. Ke3 bxc3 46. bxc3 Rc4 47. Kf2 a4
48. Ra2 f4 49. Ra3 Ke6 50. Kf3 fxg3 51. Kxg3 Kf5 52. Kh3 Ke4 53. Kg3 Kd3 54. Kh3
Kc2 0-1

[Event "European Rapid 2017"]
[Site "Katowice POL"]
[Date "2017.12.16"]
[Round "4.64"]
[White "Vaicekauskas, Gytis"]
[Black "Meskovs, Nikita"]
[Result "0-1"]
[BlackTitle "GM"]
[WhiteElo "2210"]
[BlackElo "2538"]
[WhiteFideId "12805459"]
[BlackFideId "11602740"]
[EventDate "2017.12.16"]

1. e4 e5 2. Nf3 Nc6 3. d4 exd4 4. Nxd4 Bc5 5. Be3 Qf6 6. c3 Nge7 7. g3 h5 8. h4
d5 9. Bg2 Bg4 10. Qb3 Nxd4 11. cxd4 Bxd4 12. Bxd4 Qxd4 13. O-O dxe4 14. Nc3 O-O
15. Qxb7 f5 16. Qxc7 Ng6 17. Rfe1 Rab8 18. Rab1 Rfc8 19. Qa5 Ne5 20. Nxe4 Nd3
21. Qd2 fxe4 22. Bxe4 Rc2 23. Qxc2 Nxe1 24. Rxe1 Rxb2 25. Bd5+ Kf8 26. Re4 Rxc2
27. Rxd4 Ke7 28. Rf4 Kd6 29. Bb3 Rc3 30. Kg2 Bd7 31. Bd1 Bc6+ 32. Bf3 Rxf3 33.
Rxf3 a5 0-1

[Event "European Rapid 2017"]
[Site "Katowice POL"]
[Date "2017.12.16"]
[Round "4.65"]
[White "Heberla, Bartlomiej"]
[Black "Nasibullin, Iskander"]
[Result "1-0"]
[WhiteTitle "GM"]
[WhiteElo "2555"]
[BlackElo "2088"]
[WhiteFideId "1115120"]
[BlackFideId "34124273"]
[EventDate "2017.12.16"]

1. d4 Nf6 2. c4 e6 3. Nf3 b6 4. a3 Bb7 5. Nc3 Be7 6. e3 d5 7. cxd5 exd5 8. Bd3
O-O 9. b4 a6 10. O-O Re8 11. Bb2 Nbd7 12. Ne2 Bd6 13. Ng3 Ne4 14. Rc1 g6 15. Qc2
Qe7 16. Ne5 f6 17. Nc6 Bxc6 18. Qxc6 f5 19. Qxd5+ Kf8 20. Bxe4 Nf6 21. Nxf5 Qxe4
22. Qxe4 Nxe4 23. Nxd6 cxd6 24. f3 Nf6 25. e4 Rec8 26. d5 Ke7 27. Bxf6+ Kxf6 28.
Rc6 Rxc6 29. dxc6 Rc8 30. Rc1 Ke5 31. Kf2 d5 32. exd5 Kxd5 33. c7 Kd6 34. f4
Rxc7 35. Rxc7 Kxc7 36. Ke3 Kc6 37. Ke4 Kb5 38. g4 Ka4 39. f5 1-0

[Event "European Rapid 2017"]
[Site "Katowice POL"]
[Date "2017.12.16"]
[Round "4.66"]
[White "Kruszynski, Wlodzimierz"]
[Black "Moskalenko, Alexander"]
[Result "0-1"]
[WhiteTitle "IM"]
[BlackTitle "IM"]
[WhiteElo "2313"]
[BlackElo "2522"]
[WhiteFideId "1100670"]
[BlackFideId "4155351"]
[EventDate "2017.12.16"]

1. e4 e6 2. d4 d5 3. Nd2 dxe4 4. Nxe4 Bd7 5. Nf3 Bc6 6. Bd3 Nd7 7. Qe2 Bxe4 8.
Bxe4 c6 9. O-O Ngf6 10. Bd3 Bd6 11. Re1 O-O 12. Bg5 Qc7 13. Ne5 Rfe8 14. h3 Bf8
15. Rad1 a5 16. c3 a4 17. a3 Ra5 18. Bc2 g6 19. Qf3 Nxe5 20. Rxe5 Nd7 21. Rxa5
Qxa5 22. Bf4 Qb5 23. Rb1 Nb6 24. Bd3 Qd5 25. Be4 Qa2 26. Qe2 Bxa3 27. Bd3 Bf8
28. Bc7 Nd5 29. Bc4 Qxb1+ 0-1

[Event "European Rapid 2017"]
[Site "Katowice POL"]
[Date "2017.12.16"]
[Round "4.67"]
[White "Chernyak, Viktoria"]
[Black "Ladva, Ottomar"]
[Result "0-1"]
[WhiteTitle "WFM"]
[BlackTitle "GM"]
[WhiteElo "2196"]
[BlackElo "2522"]
[WhiteFideId "24165956"]
[BlackFideId "4500024"]
[EventDate "2017.12.16"]

1. d4 Nf6 2. Nf3 e6 3. c4 a6 4. Nc3 d5 5. cxd5 exd5 6. Bg5 Be6 7. e3 Nbd7 8. Bd3
h6 9. Bh4 g5 10. Bg3 Nh5 11. Rc1 Nxg3 12. hxg3 c6 13. Qc2 Bg7 14. O-O O-O 15.
Na4 Qe7 16. a3 a5 17. Nc5 Nxc5 18. Qxc5 Qxc5 19. Rxc5 Rfc8 20. Rfc1 Bd7 21. R5c2
a4 22. Ne1 b6 23. Be2 c5 24. dxc5 bxc5 25. Nd3 Bf5 26. Rxc5 Rxc5 27. Rxc5 Bxd3
28. Bxd3 Bxb2 29. Rxd5 Bxa3 30. Rd7 Kf8 31. Bc4 Be7 32. g4 a3 33. Ba2 Rc8 34.
Ra7 Rc1+ 35. Kh2 Rc2 36. Bd5 Rxf2 37. e4 Bd6+ 38. Kg1 Bc5 39. Ra8+ Kg7 40. Kh2
Re2 41. Kg3 Re3+ 42. Kh2 Bd6+ 0-1